000 00583nam a2200205 a 4500
001 BRCA_4440
005 20190320204654.0
008 261010s1962----nyuao#####---#000-0#eng-#
041 _aeng
044 _anyu
050 4 _aG1019
_b.W67 1962
245 1 0 _aWorld Atlas
_bAmerican Metal Climax, Inc.
260 _aNueva York
_bRand Mc Nally
_c1962
300 _axi, 310 p.
_bil. (algunas a color), mapas
_c28 cm.
500 _aIncluye glosario de términos de mapas e índice de mapas
500 _aB329
650 1 4 _aAtlas
_zEstados Unidos
_911250
902 _aGFM
942 _2lcc
_cB
999 _c4149
_d4149